Learning Resource and Development

Calculus with analytic geometry / (Record no. 18839)

MARC details
000 -LEADER
fixed length control field 01085cam a2200313 a 4500
001 - CONTROL NUMBER
control field calculuswithanal00swok
003 - CONTROL NUMBER IDENTIFIER
control field CaSfIA
005 - DATE AND TIME OF LATEST TRANSACTION
control field 20230525154829.0
007 - PHYSICAL DESCRIPTION FIXED FIELD--GENERAL INFORMATION
fixed length control field cr||||
008 - FIXED-LENGTH DATA ELEMENTS--GENERAL INFORMATION
fixed length control field 821022s1983 maua 001 0 eng
010 ## - LIBRARY OF CONGRESS CONTROL NUMBER
LC control number 82021481
040 ## - CATALOGING SOURCE
Original cataloging agency DLC
Transcribing agency DLC
Modifying agency OCLCG
-- STF
-- K6U
-- CaSfIA
020 ## - INTERNATIONAL STANDARD BOOK NUMBER
International Standard Book Number 0871503417
020 ## - INTERNATIONAL STANDARD BOOK NUMBER
International Standard Book Number 9780871503411
035 ## - SYSTEM CONTROL NUMBER
System control number (OCoLC)8951956
050 00 - LIBRARY OF CONGRESS CALL NUMBER
Classification number QA303
Item number .S94 1983
082 04 - DEWEY DECIMAL CLASSIFICATION NUMBER
Classification number 515/.15
Edition number 19
029 1# - OTHER SYSTEM CONTROL NUMBER (OCLC)
OCLC library identifier AU@
System control number 000002391476
100 1# - MAIN ENTRY--PERSONAL NAME
Personal name Swokowski, Earl William,
Dates associated with a name 1926-
245 10 - TITLE STATEMENT
Title Calculus with analytic geometry /
Medium [electronic resource]
Statement of responsibility, etc. Earl W. Swokowski.
250 ## - EDITION STATEMENT
Edition statement Alternate ed.
260 ## - PUBLICATION, DISTRIBUTION, ETC.
Place of publication, distribution, etc. Boston, Mass. :
Name of publisher, distributor, etc. Prindle, Weber & Schmidt,
Date of publication, distribution, etc. c1983.
300 ## - PHYSICAL DESCRIPTION
Extent x, 934, 63 p. :
Other physical details ill. (some col.) ;
Dimensions 27 cm.
500 ## - GENERAL NOTE
General note Includes index.
650 #0 - SUBJECT ADDED ENTRY--TOPICAL TERM
Topical term or geographic name entry element Calculus.
650 #0 - SUBJECT ADDED ENTRY--TOPICAL TERM
Topical term or geographic name entry element Geometry, Analytic.
856 41 - ELECTRONIC LOCATION AND ACCESS
Uniform Resource Identifier <a href="http://www.archive.org/details/calculuswithanal00swok">http://www.archive.org/details/calculuswithanal00swok</a>
Public note Free eBook from the Internet Archive
856 42 - ELECTRONIC LOCATION AND ACCESS
Uniform Resource Identifier <a href="http://www.openlibrary.org/books/OL3501209M">http://www.openlibrary.org/books/OL3501209M</a>
Public note Additional information and access via Open Library
Holdings
Withdrawn status Lost status Damaged status Not for loan Collection Home library Current library Date acquired Total Checkouts Full call number Date last seen Price effective from Koha item type
        Project Gutenberg Main Library Main Library 05/25/2023   QA303 .S94 1983 05/25/2023 05/25/2023 EBooks